<?xml version="1.0" encoding="UTF-8"?>
<record
    xmlns:xsi="http://www.w3.org/2001/XMLSchema-instance"
    xsi:schemaLocation="http://www.loc.gov/MARC21/slim http://www.loc.gov/standards/marcxml/schema/MARC21slim.xsd"
    xmlns="http://www.loc.gov/MARC21/slim">

  <leader>00367nam a22001577a 4500</leader>
  <datafield tag="999" ind1=" " ind2=" ">
    <subfield code="c">5031</subfield>
    <subfield code="d">5029</subfield>
  </datafield>
  <controlfield tag="005">20210907115720.0</controlfield>
  <controlfield tag="008">160701b        xxu||||| |||| 00| 0 eng d</controlfield>
  <datafield tag="041" ind1=" " ind2=" ">
    <subfield code="a">eng</subfield>
  </datafield>
  <datafield tag="082" ind1=" " ind2=" ">
    <subfield code="b">20260</subfield>
  </datafield>
  <datafield tag="100" ind1=" " ind2=" ">
    <subfield code="a">Das samir kumar</subfield>
    <subfield code="9">6911</subfield>
  </datafield>
  <datafield tag="245" ind1=" " ind2=" ">
    <subfield code="a">Surface mining technology </subfield>
  </datafield>
  <datafield tag="260" ind1=" " ind2=" ">
    <subfield code="b">Mrs Rumi Das</subfield>
  </datafield>
  <datafield tag="300" ind1=" " ind2=" ">
    <subfield code="a">330</subfield>
  </datafield>
  <datafield tag="650" ind1=" " ind2=" ">
    <subfield code="a">Diploma Engineering</subfield>
    <subfield code="9">817</subfield>
  </datafield>
  <datafield tag="942" ind1=" " ind2=" ">
    <subfield code="c">BK</subfield>
  </datafield>
  <datafield tag="952" ind1=" " ind2=" ">
    <subfield code="0">0</subfield>
    <subfield code="1">0</subfield>
    <subfield code="4">0</subfield>
    <subfield code="7">0</subfield>
    <subfield code="8">MINING</subfield>
    <subfield code="a">JRU</subfield>
    <subfield code="b">MAIN</subfield>
    <subfield code="c">SHELF-6-D</subfield>
    <subfield code="d">2016-07-01</subfield>
    <subfield code="g">400.00</subfield>
    <subfield code="l">7</subfield>
    <subfield code="m">2</subfield>
    <subfield code="o">20260</subfield>
    <subfield code="p">20260</subfield>
    <subfield code="r">2024-02-01 10:03:31</subfield>
    <subfield code="s">2023-08-30</subfield>
    <subfield code="w">2016-07-01</subfield>
    <subfield code="y">BK</subfield>
  </datafield>
  <datafield tag="952" ind1=" " ind2=" ">
    <subfield code="0">0</subfield>
    <subfield code="1">0</subfield>
    <subfield code="4">0</subfield>
    <subfield code="7">0</subfield>
    <subfield code="8">MINING</subfield>
    <subfield code="a">JRU</subfield>
    <subfield code="b">JRU</subfield>
    <subfield code="c">SHELF-100-E</subfield>
    <subfield code="d">2016-07-01</subfield>
    <subfield code="g">400.00</subfield>
    <subfield code="l">14</subfield>
    <subfield code="m">3</subfield>
    <subfield code="o">20260</subfield>
    <subfield code="p">20261</subfield>
    <subfield code="r">2026-05-04 12:35:19</subfield>
    <subfield code="s">2026-02-13</subfield>
    <subfield code="w">2016-07-01</subfield>
    <subfield code="y">BK</subfield>
  </datafield>
  <datafield tag="952" ind1=" " ind2=" ">
    <subfield code="0">0</subfield>
    <subfield code="1">0</subfield>
    <subfield code="4">0</subfield>
    <subfield code="7">0</subfield>
    <subfield code="8">MINING</subfield>
    <subfield code="a">JRU</subfield>
    <subfield code="b">JRU</subfield>
    <subfield code="c">SHELF-100-E</subfield>
    <subfield code="d">2016-07-01</subfield>
    <subfield code="g">400.00</subfield>
    <subfield code="l">14</subfield>
    <subfield code="m">4</subfield>
    <subfield code="o">20260</subfield>
    <subfield code="p">20262</subfield>
    <subfield code="r">2026-04-22 13:34:47</subfield>
    <subfield code="s">2026-03-31</subfield>
    <subfield code="w">2016-07-01</subfield>
    <subfield code="y">BK</subfield>
  </datafield>
  <datafield tag="952" ind1=" " ind2=" ">
    <subfield code="0">0</subfield>
    <subfield code="1">0</subfield>
    <subfield code="4">0</subfield>
    <subfield code="7">0</subfield>
    <subfield code="8">MINING</subfield>
    <subfield code="a">JRU</subfield>
    <subfield code="b">JRU</subfield>
    <subfield code="c">SHELF-100-E</subfield>
    <subfield code="d">2016-07-01</subfield>
    <subfield code="g">400.00</subfield>
    <subfield code="l">10</subfield>
    <subfield code="m">2</subfield>
    <subfield code="o">20260</subfield>
    <subfield code="p">20263</subfield>
    <subfield code="r">2023-04-21 00:00:00</subfield>
    <subfield code="s">2022-08-26</subfield>
    <subfield code="w">2016-07-01</subfield>
    <subfield code="y">BK</subfield>
  </datafield>
  <datafield tag="952" ind1=" " ind2=" ">
    <subfield code="0">0</subfield>
    <subfield code="1">0</subfield>
    <subfield code="4">0</subfield>
    <subfield code="7">0</subfield>
    <subfield code="8">MINING</subfield>
    <subfield code="a">JRU</subfield>
    <subfield code="b">JRU</subfield>
    <subfield code="c">SHELF-100-E</subfield>
    <subfield code="d">2016-07-01</subfield>
    <subfield code="g">400.00</subfield>
    <subfield code="l">14</subfield>
    <subfield code="m">1</subfield>
    <subfield code="o">20260</subfield>
    <subfield code="p">20264</subfield>
    <subfield code="r">2026-04-14 13:23:49</subfield>
    <subfield code="s">2026-03-19</subfield>
    <subfield code="w">2016-07-01</subfield>
    <subfield code="y">BK</subfield>
  </datafield>
  <datafield tag="952" ind1=" " ind2=" ">
    <subfield code="0">0</subfield>
    <subfield code="1">0</subfield>
    <subfield code="4">0</subfield>
    <subfield code="7">0</subfield>
    <subfield code="8">MINING</subfield>
    <subfield code="a">JRU</subfield>
    <subfield code="b">JRU</subfield>
    <subfield code="c">SHELF-100-E</subfield>
    <subfield code="d">2023-11-03</subfield>
    <subfield code="e">PURCHASE [LBI000225/29-10-2023]</subfield>
    <subfield code="g">1000.00</subfield>
    <subfield code="l">7</subfield>
    <subfield code="m">2</subfield>
    <subfield code="o">622.29</subfield>
    <subfield code="p">28060</subfield>
    <subfield code="r">2026-04-22 13:29:19</subfield>
    <subfield code="s">2026-04-01</subfield>
    <subfield code="w">2023-11-03</subfield>
    <subfield code="y">BK</subfield>
  </datafield>
  <datafield tag="952" ind1=" " ind2=" ">
    <subfield code="0">0</subfield>
    <subfield code="1">0</subfield>
    <subfield code="4">0</subfield>
    <subfield code="7">0</subfield>
    <subfield code="8">MINING</subfield>
    <subfield code="a">JRU</subfield>
    <subfield code="b">JRU</subfield>
    <subfield code="c">SHELF-100-E</subfield>
    <subfield code="d">2023-11-03</subfield>
    <subfield code="e">PURCHASE [LBI000225/29-10-2023]</subfield>
    <subfield code="g">1000.00</subfield>
    <subfield code="l">5</subfield>
    <subfield code="m">1</subfield>
    <subfield code="o">622.29</subfield>
    <subfield code="p">28061</subfield>
    <subfield code="r">2026-04-14 13:23:21</subfield>
    <subfield code="s">2026-03-19</subfield>
    <subfield code="w">2023-11-03</subfield>
    <subfield code="y">BK</subfield>
  </datafield>
  <datafield tag="952" ind1=" " ind2=" ">
    <subfield code="0">0</subfield>
    <subfield code="1">0</subfield>
    <subfield code="4">0</subfield>
    <subfield code="7">0</subfield>
    <subfield code="8">MINING</subfield>
    <subfield code="a">JRU</subfield>
    <subfield code="b">JRU</subfield>
    <subfield code="c">SHELF-100-E</subfield>
    <subfield code="d">2023-11-03</subfield>
    <subfield code="e">PURCHASE [LBI000225/29-10-2023]</subfield>
    <subfield code="g">1000.00</subfield>
    <subfield code="l">2</subfield>
    <subfield code="m">2</subfield>
    <subfield code="o">622.29</subfield>
    <subfield code="p">28062</subfield>
    <subfield code="r">2026-04-22 13:12:11</subfield>
    <subfield code="s">2026-04-06</subfield>
    <subfield code="w">2023-11-03</subfield>
    <subfield code="y">BK</subfield>
  </datafield>
  <datafield tag="952" ind1=" " ind2=" ">
    <subfield code="0">0</subfield>
    <subfield code="1">0</subfield>
    <subfield code="4">0</subfield>
    <subfield code="7">0</subfield>
    <subfield code="8">MINING</subfield>
    <subfield code="a">JRU</subfield>
    <subfield code="b">JRU</subfield>
    <subfield code="c">SHELF-100-E</subfield>
    <subfield code="d">2023-11-03</subfield>
    <subfield code="e">PURCHASE [LBI000225/29-10-2023]</subfield>
    <subfield code="g">1000.00</subfield>
    <subfield code="l">2</subfield>
    <subfield code="m">2</subfield>
    <subfield code="o">622.29</subfield>
    <subfield code="p">28063</subfield>
    <subfield code="r">2026-02-11 11:21:19</subfield>
    <subfield code="s">2026-02-09</subfield>
    <subfield code="w">2023-11-03</subfield>
    <subfield code="y">BK</subfield>
  </datafield>
  <datafield tag="952" ind1=" " ind2=" ">
    <subfield code="0">0</subfield>
    <subfield code="1">0</subfield>
    <subfield code="4">0</subfield>
    <subfield code="7">0</subfield>
    <subfield code="8">MINING</subfield>
    <subfield code="a">JRU</subfield>
    <subfield code="b">JRU</subfield>
    <subfield code="c">SHELF-100-E</subfield>
    <subfield code="d">2023-11-03</subfield>
    <subfield code="e">PURCHASE [LBI000225/29-10-2023]</subfield>
    <subfield code="g">1000.00</subfield>
    <subfield code="l">2</subfield>
    <subfield code="m">1</subfield>
    <subfield code="o">622.29</subfield>
    <subfield code="p">28064</subfield>
    <subfield code="r">2026-04-14 13:21:00</subfield>
    <subfield code="s">2026-03-17</subfield>
    <subfield code="w">2023-11-03</subfield>
    <subfield code="y">BK</subfield>
  </datafield>
</record>
